Loading...

The Cambridge companion to American poetry since 1945 /

Bibliografiske detaljer
Andre forfattere: Ashton, Jennifer
Format: Printed Book
Sprog:English
Udgivet: New York : Cambridge University Press, 2012.
Fag:
LEADER 00759cam a2200193 a 4500
005 20131231165529.0
008 120502s2012 nyua b 001 0 eng
020 |a 9780521766951 (hardback : alk. paper) 
020 |a 9780521147958 (pbk. : alk. paper) 
082 0 0 |a 811.509 ASH  |2 23 
245 0 4 |a The Cambridge companion to American poetry since 1945 /  |c edited by Jennifer Ashton. 
260 |a New York :  |b Cambridge University Press,  |c 2012. 
300 |a xxx, 238p. :  |b ill. ;  |c 24 cm. 
650 0 |a American poetry 
650 0 |a Poetry 
700 1 |a Ashton, Jennifer, 
942 |2 ddc  |c BK 
999 |c 4923  |d 4923 
952 |0 0  |1 0  |2 ddc  |4 0  |6 811_509000000000000_ASH  |7 0  |9 6905  |a MAIN  |b MAIN  |d 2013-12-31  |e Poorna Publications  |g 1917.00  |o 811.509 ASH  |p 7056  |r 2018-03-23  |t 1  |w 2013-12-31  |y BK